000 01050nam0a22003011 4500
001 v19\rc\1996909
005 20260405224716.0
035 _a(NLR Aleph) 005072913
090 _a7114686
_c7114686
100 _a20080811d1915 u y0rusy50 ca
101 1 _arus
_ceng
102 _aRU
105 _aa z |||a|
200 1 _aПриключения Мики
_eРассказ для детей
_fЗаимствован с англ. М. Архангельской
210 _aМосква
_cШкола
_d1915
215 _a133 с.
_cил.
_d24
311 _aБеспл. прил. к журн. "Малютка"
422 0 _12001#$aМалютка
_tМалютка
700 1 _7ca
_8rus
_aАрхангельская
_bМ. В.
_cписатель
_f19 в.
_gМаргарита Васильевна
_985705
_3RU\NLR\AUTH\77102779
801 0 _aRU
_bNLR
_gpsbo
801 0 _aRU
_bRuMoRGB
_2psbo
801 1 _aRU
_bProSoft-M
_2rusmarc
852 _aNLR
_j17.156.3.14
899 _aRuMoRGB
_jV 127/97
899 _aБАН
942 _cBOOK
980 _aNB